000 00603nam a2200205Ia 4500
005 20231202112304.0
008 131103s9999 xx 000 0 und d
020 _a9780140157512
_cRs.399.00
040 _aLoreto College
041 _aEnglish
082 _a863.64
_bMAR
100 _aMarquez,Gabriel Garica
245 _aOne hundred years of solitude
_cGabriel Garica Marquez;translated by Gregory Rabassa
260 _aGurugram
_bPenguin Random House India
_c1996
300 _a422 p.
_b22cm
650 _aSpanish Fiction
700 _aRabassa,Gregory
_4tr.
850 _aLCLIB
_bPG
942 _cBK
999 _c43564
_d94043